Presidents of Chile - Statistics

General Stats
  • This quiz has been taken 271 times
    27 since last reset
  • The average score is 16 of 34
Answer Stats
Term President % Correct
1974-1990** Augusto Pinochet
100%
2022-2026 Gabriel Boric
89%
2026- José Antonio Kast
89%
2010-2014 Sebastián Piñera
89%
2006-2010 Michelle Bachelet
83%
1970-1973 Salvador Allende
83%
1920-1925* Arturo Alessandri
67%
1964-1970 Eduardo Frei Montalva
67%
1994-2000 Eduardo Frei Ruiz-Tagle
67%
2000-2006 Ricardo Lagos
67%
1958-1964 Jorge Alessandri
61%
1990-1994 Patricio Aylwin
61%
1851-1861 Manuel Montt
56%
1938-1941 Pedro Aguirre Cerda
56%
1927-1931 Carlos Ibáñez del Campo
50%
1891-1896 Jorge Montt
50%
1906-1910 Pedro Montt
50%
1886-1891 José Manuel Balmaceda
39%
1942-1946 Juan Antonio Ríos
33%
1946-1952 Gabriel González Videla
28%
1831-1841 José Joaquín Prieto
28%
1910-1915 Ramón Barros Luco
28%
1876-1881 Aníbal Pinto
22%
1881-1886 Domingo Santa María
22%
1827-1829 Francisco Antonio Pinto
22%
1901-1906 Germán Riesco
22%
1841-1951 Manuel Bulnes
22%
1827-1827 Ramón Freire
22%
1896-1901 Federico Errázuriz Echaurren
17%
1871-1876 Federico Errázuriz Zañartu
17%
1861-1871 José Joaquín Pérez
17%
1925-1927 Emiliano Figueroa
11%
1931-1932 Juan Esteban Montero
11%
1915-1920 Juan Luis Sanfuentes
11%
No matching quizzes found
Score Distribution
Percent of People with Each Score
Percentile by Number Answered
Your Score History
You have not taken this quiz since the last reset